000 00706nam a2200217 a 4500
001 BRCA_5762
005 20190320205215.0
008 080311s1993----gw-d######---#000-0#ger-#
041 _ager
044 _agw
050 4 _aHC281
_b.W54 1993
245 1 0 _aDie Wirtschaftskurve
_cunter Mitwirkung der Frankfurter Beitung ; herausgegeben von Ernst Kahn.
260 _aFrankfurt Alemania
_bSocietäts-Verlag
_c1993
300 _ap. 225 a 328
_bil., gráficas
_c22 cm.
500 _aHeft III jährlich 4 Hefte Nov. 1933 12 jahrgang
500 _aRevista inventariada por Banco de México como libro
500 _aG3
651 4 _aAlemania
_vCondiciones económicas
_914618
902 _aGFM
942 _2lcc
_cB
999 _c5452
_d5452